Seguridad jurd̕ica, pobreza y corrupcin̤ en Iberoamřica

Detalles Bibliográficos
Autor principal: Fernǹdez Blanco, Carolina
Otros Autores: Ferrer Beltrǹ, Jordi
Formato: eBook
Lenguaje:español
Publicado: Madrid: Marcial Pons, 2018
Materias:
Acceso en línea:Acceso restringido

MARC

LEADER 00000nam a22000007a 4500
005 20200312221142.0
007 cr|||| ||||
008 200312s2018 es |||||s|||| 00||0 spa d
020 |a 978-84-9123-793-8 
035 |a 31303 
040 |a vLex 
090 |c 10248  |d 10248 
100 1 |a Fernǹdez Blanco, Carolina 
245 1 0 |a Seguridad jurd̕ica, pobreza y corrupcin̤ en Iberoamřica  |h [Recurso electrn̤ico] /  |c Carolina Fernǹdez Blanco, Jordi Ferrer Beltrǹ 
256 |a Servicio en ln̕ea 
260 |a Madrid:  |b Marcial Pons,  |c 2018 
300 |a 1 recurso electrn̤ico 
506 1 |a Disponible solo en los productos indicados  |d vLex Global  |d vLex Global (Academic Edition, excluding Law Schools)  |d vLex Global (U.S. Academic Edition, Law Schools)  |d vLex Global (U.S. Academic Edition, excluding Law Schools)  |d vLex Global (Academic Edition, Law Schools) 
650 0 4 |a Derecho Pb︢lico y Administrativo  |z Espaą 
700 1 |a Ferrer Beltrǹ, Jordi 
740 0 |a vLex Libros (Servicio en ln̕ea) 
856 4 0 |u http://vlex.com/source/seguridad-juridica-pobreza-corrupcion-iberoamerica-31303  |z Acceso restringido 
942 |c BOOK 
999 0 |a Public and Administrative Law